Synopses for modern secondary school mathematics

محفوظ في:
التفاصيل البيبلوغرافية
مؤلف مشترك: OECD (مؤلف)
التنسيق: كتاب
اللغة:الإنجليزية
منشور في: París Organization for Economic Co-Operation and Development 1961
سلاسل:New Thinking in School Science
الموضوعات:
الوسوم: إضافة وسم
لا توجد وسوم, كن أول من يضع وسما على هذه التسجيلة!

MARC

LEADER 00000nam a2200000 a 4500
001 UCT2971
003 CL-VaPUC
008 961018e19610000fr |||||||||||||||||eng|d
082 0 4 |a 510.0712  |b OEC  |2 21 
110 2 |a OECD  |e author  |9 371994 
245 1 0 |a Synopses for modern secondary school mathematics 
300 |a 310 p 
942 |c BK 
945 |d 19961018 00:00:00  |a cmena 
260 |a París  |b Organization for Economic Co-Operation and Development  |c 1961 
650 0 |a Matemática  |9 260235 
650 0 |a Matemáticas  |x Enseñanza  |9 875527 
650 0 |a Métodos de enseñanza  |9 270413 
650 0 |a Aritmética   |9 270049 
650 0 |a Álgebra  |9 259567 
650 0 |a Geometría   |9 264063 
583 |a last modification  |c 20171130 05:24:33  |k Rodrigo Vera 
490 0 |a New Thinking in School Science 
999 |c 252849  |d 252847 
952 |0 0  |1 0  |4 0  |6 510_071200000000000_OEC_1961  |7 0  |8 A  |9 272971  |a BIBMAT  |b BIBMAT  |d 2019-11-19  |i 1491296  |o 510.0712 OEC 1961  |p 1491296  |r 2025-01-07  |w 2019-11-19  |y BK  |k MAT